| 000 | 00929cam a22002531 4500 | ||
|---|---|---|---|
| 001 | gs 15000994 | ||
| 003 | DLC | ||
| 005 | 20260227111319.0 | ||
| 008 | 761008s1914 oncabf b 000 0 eng c | ||
| 010 | _ags 15000994 | ||
| 035 | _a(OCoLC)2490661 | ||
| 040 |
_aU.S. Geol. Library _cOGraD _dOCoLC _dMCM _dDLC |
||
| 042 | _apremarc | ||
| 050 | 0 | 0 |
_aQE185 _b.A2 no. 51 |
| 100 | 1 |
_aClapp, C. H. _q(Charles Horace), _d1883-1935. |
|
| 245 | 0 | 0 |
_aGeology of the Nanaimo map-area, _cby Charles H. Clapp. |
| 260 |
_aOttawa, _bGovernment Printing Bureau, _c1914. |
||
| 300 |
_avii, 135 p. _billus., XIII pl. (incl. front.) 4 maps (in pocket) diagrs. _c25 cm. |
||
| 490 | 1 |
_aCanada. Geological Survey. Memoir 51. Geological series ; _vno. 43 |
|
| 500 | _aAt head of title: Canada. Department of Mines. | ||
| 504 | _aBibliography: p. 7-9. | ||
| 650 | 0 |
_aGeology _zBritish Columbia. |
|
| 830 | 0 |
_aMemoir (Geological Survey of Canada) ; _v51. |
|
| 999 |
_c25615 _d25615 |
||